000 00881nas a2200277 4500
001 BR2015007123
003 BR-BrBNA
005 20231205125957.0
007 ta
008 230509b bl.|||p| |||| 00| 00por d
040 _aBR-BrBNA
_bpor
_cBiblioteca Nacional de Agricultura
041 _a(En)
072 _aJ11
100 1 _aAlves, A.P. de C.
100 1 _aCorrêa, A.D.
100 1 _aLino, J.B. dos R.
100 1 _aMarques, T.R.
245 1 _aPhysicochemical properties of jaboticaba skin flour stored at room temperature
650 _aJABUTICABA
650 _aFARINHA
650 _aARMAZENAMENTO
650 _aPROPRIEDADE FÍSICO-QUÍMICA
773 0 _tBoletim do Centro de Pesquisa e Processamento de Alimentos (Brazil)
_xISSN 0102-0323
_g(Jul-Dec 2014), v. 32(2) p. 271-280
_wBR2015007123
909 _a202311
_bLúcia
_c55
_dLúcia Elande
942 _2AGRIS
_n0
_cANA
999 _c247234
_d247234